Statistics for Madagascar

Click here to take the quiz!

General Stats

  • This quiz has been taken 17 times
  • The average score is 2 of 7

Answer Stats

HintAnswer% Correct
CapitalAntananarivo
94%
Primates Endemic HereLemur
81%
A Food Similar to SamosasSambos
13%
Lake Where the Pochard went ExtinctAlaotra
6%
Beef Served Over Rice or BreadKitoza
6%
Another Food that Is Spicy and FriedMofo Sakay
6%
Second Most Populous City in MadagascarToasmina
6%

Score Distribution

Percentile by Number Answered

Percent of People with Each Score

Your Score History

You have not taken this quiz